Which Harry Potter Movie? Quiz Stats

Quiz Updated Oct 24, 2017

Challenge
Share
Tweet
Score 0/24 Timer 05:00
4 Plays Today
% Correct
~ Sorcerer's Stone ~
98.5%
~ Chamber of Secrets ~
90.6%
~ Goblet of Fire ~
90.5%
~ Goblet of Fire ~
90.4%
~ Goblet of Fire ~
88.8%
~ Chamber of Secrets ~
87.7%
~ Prisoner of Azkaban ~
87.7%
~ Deathly Hallows – Part 2 ~
87.4%
~ Sorcerer's Stone ~
87.4%
~ Deathly Hallows – Part 2 ~
86.4%
~ Order of the Phoenix ~
85.9%
~ Prisoner of Azkaban ~
85.9%
% Correct
~ Order of the Phoenix ~
85.4%
~ Half-Blood Prince ~
84.2%
~ Sorcerer's Stone ~
81%
~ Prisoner of Azkaban ~
80.3%
~ Chamber of Secrets ~
78.8%
~ Deathly Hallows – Part 1 ~
74.6%
~ Deathly Hallows – Part 1 ~
73.3%
~ Half-Blood Prince ~
71%
~ Half-Blood Prince ~
62.4%
~ Deathly Hallows – Part 1 ~
56.9%
~ Order of the Phoenix ~
53.6%
~ Deathly Hallows – Part 2 ~
36.7%

You're not logged in!

Compare scores with friends on all Sporcle quizzes.
Join for Free
OR
Log In

You Might Also Like...

Show Comments

Extras

Top Quizzes Today


Score Distribution

Your Account Isn't Verified!

In order to create a playlist on Sporcle, you need to verify the email address you used during registration. Go to your Sporcle Settings to finish the process.

Report this User

Report this user for behavior that violates our Community Guidelines.

Details: